Qué será: (Registro nro. 10027)

Detalles MARC
000 -LEADER
fixed length control field 01305nam a2200205Ia 4500
005 - FECHA Y HORA DE LA ÚLTIMA TRANSACCIÓN
control field 20231123105213.0
008 - FIXED-LENGTH DATA ELEMENTS--GENERAL INFORMATION
fixed length control field 231123s9999 xx 000 0 und d
020 ## - INTERNATIONAL STANDARD BOOK NUMBER
International Standard Book Number 968-406-597-3
040 ## - CATALOGING SOURCE
Original cataloging agency UPAN
Transcribing agency Biblioteca San Vicente
Description conventions RCAA2
041 ## - LANGUAGE CODE
Language code of text/sound track or separate title spa
082 ## - DEWEY DECIMAL CLASSIFICATION NUMBER
Classification number 303.48
Item number D478q
año de publicación 1997
100 ## - MAIN ENTRY--PERSONAL NAME
Personal name Dertouzos, Michael L.
Relator code aut.
245 #0 - TITLE STATEMENT
Title Qué será:
Remainder of title Como cambiara nuestras vidas el mundo de la informática/
Statement of responsibility, etc Dertouzos, Michael L.
250 ## - EDITION STATEMENT
Edition statement 1ª reim.
260 ## - PUBLICATION, DISTRIBUTION, ETC. (IMPRINT)
Place of publication, distribution, etc México:
Name of publisher, distributor, etc Planeta,
Date of publication, distribution, etc 1997
300 ## - PHYSICAL DESCRIPTION
Extent 428 p.;
Dimensions 23 cm.
505 ## - FORMATTED CONTENTS NOTE
Formatted contents note Índice, Agradecimientos 11, Prólogo 13, Prefacio 15, Primera parte, El futuro va tomando forma 1. Visión 17, 2. se extiende la revolución 44, 3. Donde persona y máquina se encuentran 82, 4. Nuevas herramientas 114, Segunda parte, Cómo cambiará la vida 151, 5. La vida cotidiana 153, 6. Placeres 186, 7. Salud 216, 8. Aprendizaje 229, 9. Negocios y organizaciones 248, 10. Gobierno 279, Tercera parte, Por la reunificación de la tecnología y humanidad 295, 11. El valor de la información 297, 12. Bulldozers electrónicos 324, 13. Proximidad electrónica 355, 14. Los seres humanos de siempre 378, Apéndice (Los cinco pilares de la era de la información 405), índice temático 421.
650 ## - SUBJECT ADDED ENTRY--TOPICAL TERM
Source of heading or term LEMB
Topical term or geographic name as entry element Informática
942 ## - ADDED ENTRY ELEMENTS (KOHA)
Koha item type Libros
Source of classification or shelving scheme Dewey Decimal Classification
Existencias
Withdrawn status Lost status Source of classification or shelving scheme Damaged status Not for loan Collection code Home library Current library Date acquired Total Checkouts Full call number Barcode Date last seen Copy number Price effective from Koha item type
    Dewey Decimal Classification     Referencia Biblioteca UPAN San Vicente Biblioteca UPAN San Vicente 23/11/2023   303.48 D478q 12001987 23/11/2023 01 23/11/2023 Libros